Statistiken für Zusammengesetzte Wörter 1

Klicken Sie hier um das Quiz zu spielen!

Allgemein

  • Dieses Quiz wurde 1.299 mal gespielt
    (150 seit der letzten Aktualisierung)
  • Das Durchschnittsergebnis liegt bei 8 aus 16

Antwortstatistiken

WortAntwortWort% Korrekt
STAMMBAUMSTAMM
94%
VERKEHRSAMPELKOALITION
71%
GLOCKENTURMFALKE
68%
IRRLICHTSCHALTER
65%
KERNHAUS / HOLZTÜR
54%
SCHNEEMANNSCHAFT
53%
VOLKSFESTANSTELLUNG
52%
VOGELNESTHÄKCHEN
50%
ARBEITSPLATZHIRSCH
42%
WASSERGLASFASER
36%
SPRINGSEILBAHN
36%
ROTWILDFANG
35%
BRIEFKASTENBROT
33%
WELTRAUM / REISEAUSSTATTER
32%
SCHNEIDEZAHNFLEISCH
26%
LICHTORGELMUSIK
13%

Verteilung der Resultate

Perzentil nach korrekt beantworteten Fragen

Anzahl Personen mit jedem Resultat

Ihre Resultats-Entwicklung

Sie haben dieses Quiz seit der letzten Aktualisierung nicht gespielt